| 000 | 00611nam a2200181Ia 4500 | ||
|---|---|---|---|
| 008 | 151018s9999 xx 000 0 und d | ||
| 082 |
_bRBASDV28346 _a920 |
||
| 100 | _aनरेंद्र जाधव | ||
| 245 | _aआमच्या बाप आन आम्ही | ||
| 250 | _b2 | ||
| 260 |
_bग्रंथाली _c1994 |
||
| 300 | _a209 | ||
| 600 | _aनरेंद्र जाधव | ||
| 630 | _aआमच्या बाप आन आम्ही | ||
| 700 | _aनरेंद्र जाधव | ||
| 730 | _aआमच्या बाप आन आम्ही | ||
| 942 | _cBOOK | ||
| 999 |
_c1027925 _d1027922 |
||